| 000 | 00664nam a22001937a 4500 | ||
|---|---|---|---|
| 999 |
_c62206 _d62206 |
||
| 005 | 20240801155842.0 | ||
| 008 | 240801s2024 en ||||| |||| 00| 0 eng d | ||
| 020 | _a9781805221517 X | ||
| 041 | _aeng | ||
| 080 | _a94(533) K-61 | ||
| 100 |
_aKnights, Michael _d(Author) _923041 |
||
| 245 |
_a The race for Mukalla / _cMichael Knights |
||
| 264 |
_a London: _b Profile Editions, _c2024. |
||
| 300 |
_a xviii, 299 pages, _billustrations (some colour), _c25 cm. |
||
| 653 | _aThe race for Mukalla | ||
| 653 | _a Mukalla (Yemen) Yemen (Republic) History Civil War, 2015- Yémen Histoire 2015- (Guerre civile) | ||
| 653 | _aისტორია | ||
| 942 |
_2udc _cBK |
||